000 00738cam a2200265 i 4500
001 768714001
003 CO-MdFUSB
005 20240622121130.0
007 ta
008 240622t1902 -uk||||| |||| 00| 0 eng d
040 _cCO-MdFUSB
041 0 _aeng
082 0 4 _224
_aG 234.8
_bA7881t
100 1 _aArthur, William (1819-1901)
_eautor
245 1 0 _aThe tongue of fire or the true power of christianity
_c/ William Arthur
264 1 _bHarper and Brothers Publishers,
_aNew York, USA :
_c[1902]
264 4 _c©1902
300 _a354 Pag
336 _atexto
_btxt
_2rdacontent
337 _2rdamedia
_asin mediación
_bn
338 _2rdacarrier
_avolumen
_bnc
653 _aEspíritu Santo
942 _cBK
945 _aMiguel
999 _c34910
_d34910